01467nam a22003734a 4500001001200000003000800012006001900020007001500039008004100054010001700095020003300112040002100145035002000166050002500186082001400211245013600225260003500361300002300396490005200419504005100471533015200522650002200674650002600696650002700722650002200749655002900771700002200800700002500822700003100847710001700878830005300895856012600948999001901074ebr10051460CaPaEBRm u cr cn|||||||||991005s2000 nyua sb 001 0 eng  z 99051470  z0824766105 (acid-free paper) aCaPaEBRcCaPaEBR a(OCoLC)4496156114aRM301.5b.T73 2000eb04a615.722100aTransport processes in pharmaceutical systemsh[electronic resource] /cedited by Gordon L. Amidon, Ping I. Lee, Elizabeth M. Topp. aNew York :bM. Dekker,cc2000. aix, 727 p. :bill.1 aDrugs and the pharmaceutical sciences ;vv. 102 aIncludes bibliographical references and index. aElectronic reproduction.bPalo Alto, Calif. :cebrary,d2013.nAvailable via World Wide Web.nAccess may be limited to ebrary affiliated libraries. 0aPharmacokinetics. 0aBiological transport. 0aDrug delivery systems. 0aTransport theory. 7aElectronic books.2local1 aAmidon, Gordon L.1 aLee, Ping I.,d1948-1 aTopp, Elizabeth M.,d1957-2 aebrary, Inc. 0aDrugs and the pharmaceutical sciences ;vv. 102.40uhttp://site.ebrary.com/lib/rucke/Doc?id=10051460zAn electronic book accessible through the World Wide Web; click to view c179678d179678